কালরাত্রি : খন্ডচিত্র / (Record no. 31866)
[ view plain ]
| 000 -LEADER | |
|---|---|
| fixed length control field | 00959nam a22001937a 4500 |
| 003 - CONTROL NUMBER IDENTIFIER | |
| control field | BDDh-ASL |
| 005 - DATE AND TIME OF LATEST TRANSACTION | |
| control field | 20231015031325.0 |
| 008 - FIXED-LENGTH DATA ELEMENTS--GENERAL INFORMATION | |
| fixed length control field | 230410s1994 b ||||| |||| 00| 0 b d |
| 040 ## - CATALOGING SOURCE | |
| Original cataloging agency | BDDh-ASL |
| Transcribing agency | BDDh-ASL |
| 041 ## - LANGUAGE CODE | |
| Language code of text/sound track or separate title | ben |
| 082 ## - DEWEY DECIMAL CLASSIFICATION NUMBER | |
| Classification number | 954.9205 |
| Item number | OSK |
| 100 1# - MAIN ENTRY--PERSONAL NAME | |
| Personal name | ওসমান, শওকত |
| 9 (RLIN) | 5911 |
| 245 10 - TITLE STATEMENT | |
| Title | কালরাত্রি : খন্ডচিত্র / |
| 246 ## - VARYING FORM OF TITLE | |
| Title proper/short title | Kal-Ratri Khando-Chitra : A Reportage by Shaukat Osman. |
| 260 ## - PUBLICATION, DISTRIBUTION, ETC. | |
| Place of publication, distribution, etc. | ঢাকা : |
| Name of publisher, distributor, etc. | জগচ্চিত্র প্রকাশনী, |
| Date of publication, distribution, etc. | 1994. |
| 300 ## - PHYSICAL DESCRIPTION | |
| Extent | 83 p. : |
| Dimensions | 22 cm. |
| 650 #0 - SUBJECT ADDED ENTRY--TOPICAL TERM | |
| Topical term or geographic name entry element | মুক্তিযুদ্ধের ইতিহাস (Liberation War of Bangladesh) Muktijuddher Itihash, Ekattor, একাত্তর, মুক্তিযুদ্ধ |
| General subdivision | মুক্তিযুদ্ধ (Muktijuddha) |
| Chronological subdivision | 1971 |
| Geographic subdivision | Bangladesh (বাংলাদেশ) |
| -- | India (ভারত) |
| -- | Pakistan (পাকিস্তান) |
| 9 (RLIN) | 936 |
| 942 ## - ADDED ENTRY ELEMENTS (KOHA) | |
| Source of classification or shelving scheme | Dewey Decimal Classification |
| Koha item type | Books |
| Withdrawn status | Lost status | Source of classification or shelving scheme | Damaged status | Not for loan | Collection code | Home library | Current library | Shelving location | Date acquired | Source of acquisition | Total Checkouts | Full call number | Barcode | Date last seen | Copy number | Price effective from | Koha item type | Public note |
|---|---|---|---|---|---|---|---|---|---|---|---|---|---|---|---|---|---|---|
| Dewey Decimal Classification | Non-fiction | Asiatic Society Library | Asiatic Society Library | General Stacks | 04/10/2023 | A Donation From Mahbub Alam | 954.9205 OSK | 120621 | 04/10/2023 | C-1 | 04/10/2023 | Books | Y-1994 | |||||
| Dewey Decimal Classification | Non-fiction | Asiatic Society Library | Asiatic Society Library | General Stacks | 04/10/2023 | A Donation From Mahbub Alam | 954.9205 OSK | 120622 | 04/10/2023 | C-2 | 04/10/2023 | Books | Y-1994 | |||||
| Dewey Decimal Classification | Non-fiction | Asiatic Society Library | Asiatic Society Library | General Stacks | 04/10/2023 | A Donation From Mahbub Alam | 954.9205 OSK | 120623 | 04/10/2023 | C-3 | 04/10/2023 | Books | Y-1994 | |||||
| Dewey Decimal Classification | Non-fiction | Asiatic Society Library | Asiatic Society Library | General Stacks | 04/10/2023 | A Donation From Mahbub Alam | 954.9205 OSK | 120624 | 04/10/2023 | C-4 | 04/10/2023 | Books | Y-1994 |